Guess this kpop idol! Quiz Stats

 Plays Quiz not verified by Sporcle

Challenge
Share
Tweet
Score 0/30 Timer 10:00
0 Plays Today
% Correct
Suho
96%
Rap Monster
95.8%
Rose
93.7%
Onew
90.7%
Bom
87.5%
Youngjae
86.1%
Seulgi
84.7%
Victoria
82.5%
Mark
82.4%
Yoona
82.2%
Mina
81.8%
Solar
80.4%
I.M
79.8%
Hongbin
76.5%
Wonwoo
73.2%
% Correct
Rocky
72.5%
Taeil
65%
Changmin
61.6%
Jonghyun
61.5%
Junsu
59.2%
Jinhwan
59.1%
Somin
55.9%
Yura
54.4%
Hyerin
53.8%
Sungmin
51.5%
Suhyun
51.2%
Gayoon
46.5%
Eunjung
32.6%
Miryo
29.9%
Mijoo
27%

You're not logged in!

Compare scores with friends on all Sporcle quizzes.
Join for Free
OR
Log In

You Might Also Like...

Show Comments

Extras

Top Quizzes Today


Score Distribution

Your Account Isn't Verified!

In order to create a playlist on Sporcle, you need to verify the email address you used during registration. Go to your Sporcle Settings to finish the process.

Report this User

Report this user for behavior that violates our Community Guidelines.

Details: